[Event "Titled Tuesday intern op 25th Feb Early"]
[Site "Chess.com INT"]
[Date "2025.02.25"]
[Round "5"]
[White "Manukian, Artak"]
[Black "Acikel, Mert"]
[Result "0-1"]
[WhiteElo "2104"]
[BlackElo "2172"]
[PlyCount "114"]
[EventDate "2025.02.25"]
[EventType "swiss (blitz)"]
[EventRounds "11"]
[EventCountry "USA"]
[SourceTitle "CB10_2025"]
[SourceDate "2025.03.05"]
[SourceVersion "1"]
[SourceVersionDate "2025.03.05"]
[SourceQuality "1"]

1. e4 e5 2. Nf3 Nc6 3. d4 exd4 4. Nxd4 Nf6 5. Nxc6 bxc6 6. e5 Qe7 7. Qe2 Nd5 8. c4 Ba6 9. b3 g6 10. g3 Bg7 11. Bb2 0-0 12. Bg2 Rae8 13. 0-0 Bxe5 14. Qxe5 Qxe5 15. Bxe5 Rxe5 16. cxd5 Bxf1 17. Kxf1 cxd5 18. Nc3 c6 19. Rd1 Rb8 20. Rd4 Kf8 21. Bf3 Rbe8 22. Rd1 a5 23. h4 Rb8 24. Na4 Rb4 25. Nc5 Re7 26. Re1 Rxe1+ 27. Kxe1 Rb5 28. Nxd7+ Ke7 29. Ne5 Rb6 30. Bd1 f6 31. Nd3 Kd6 32. h5 c5 33. hxg6 hxg6 34. Nf4 g5 35. Ne2 c4 36. Nc3 Ke5 37. Kd2 d4 38. Ne2 a4 39. bxc4 Rb2+ 40. Bc2 Rxa2 41. Nc1 Ra1 42. Nd3+ Kd6 43. f4 a3 44. Nc1 a2 45. c5+ Kc7 46. Nxa2 Rxa2 47. Kd3 Kc6 48. Bb3 Ra3 49. Kc4 Rxb3 50. Kxb3 Kxc5 51. fxg5 fxg5 52. Kc2 Kc4 53. Kd2 d3 54. Kd1 Kc3 55. Kc1 d2+ 56. Kd1 g4 57. Ke2 Kc2 0-1

[Event "Titled Tuesday intern op 11th Feb Early"]
[Site "Chess.com INT"]
[Date "2025.02.11"]
[Round "4"]
[White "Acikel, Mert"]
[Black "Thorhallsson, Simon"]
[Result "0-1"]
[WhiteElo "2172"]
[BlackElo "2234"]
[PlyCount "78"]
[EventDate "2025.02.11"]
[EventType "swiss (blitz)"]
[EventRounds "11"]
[EventCountry "USA"]
[SourceTitle "CB09_2025"]
[SourceDate "2025.02.27"]
[SourceVersion "1"]
[SourceVersionDate "2025.02.27"]
[SourceQuality "1"]

1. e4 g6 2. d4 Bg7 3. Nf3 d6 4. Be3 Nc6 5. Nc3 a6 6. Be2 e5 7. h3 exd4 8. Nxd4 Nf6 9. Nxc6 bxc6 10. 0-0 0-0 11. Re1 Re8 12. Bd3 Nd7 13. Qd2 Rb8 14. Rab1 Ne5 15. Be2 Be6 16. Bd4 c5 17. Be3 Nc4 18. Bxc4 Bxc4 19. b3 Be6 20. Nd5 Bd7 21. Bg5 f6 22. Bh4 Bc6 23. Rbd1 Bxd5 24. Qxd5+ Kh8 25. e5 dxe5 26. Qxc5 Qc8 27. a4 h5 28. Rd3 g5 29. Bg3 h4 30. Bh2 Qf5 31. Red1 Bf8 32. Qc6 Bd6 33. c4 e4 34. Rd5 Bxh2+ 35. Kxh2 Qxf2 36. Kh1 e3 37. Qc5 Rxb3 38. Rf5 e2 39. Qxf2 exd1Q+ 0-1

[Event "Rilton Cup 52nd"]
[Site "Stockholm"]
[Date "2025.01.05"]
[Round "9"]
[White "Acikel, Mert"]
[Black "Nilsson, Oliver"]
[Result "0-1"]
[WhiteElo "2221"]
[BlackElo "2079"]
[PlyCount "108"]
[EventDate "2024.12.27"]
[EventType "swiss"]
[EventRounds "9"]
[EventCountry "SWE"]
[SourceTitle "CB02_2025"]
[SourceDate "2025.01.08"]
[SourceVersion "1"]
[SourceVersionDate "2025.01.08"]
[SourceQuality "1"]

1. e4 c5 2. Nf3 e6 3. b3 Nc6 4. Bb2 a6 5. c4 Qc7 6. g3 Nf6 7. e5 Ng4 8. Bg2 Ngxe5 9. Nxe5 Nxe5 10. 0-0 Nd3 11. Bc3 Rb8 12. Qe2 Qd6 13. Rd1 f6 14. Be4 Ne5 15. d4 cxd4 16. Bxd4 Qc7 17. Nc3 b6 18. Rac1 Bc5 19. Qh5+ Ke7 20. Bxc5+ bxc5 21. f4 Nf7 22. Re1 Kf8 23. Rcd1 g6 24. Qe2 Kg7 25. Qd2 Rb6 26. Re3 Rd6 27. Rd3 Rxd3 28. Qxd3 Rd8 29. Bg2 Bb7 30. Bxb7 Qxb7 31. Ne4 d6 32. Re1 Qe7 33. Qe3 Nh6 34. Nc3 Re8 35. Qe4 Nf5 36. Kf2 Nd4 37. Re3 Qf7 38. Qh1 f5 39. Qg2 Rf8 40. Kg1 h6 41. Ne2 Kh7 42. Nc3 Qg7 43. Kf1 g5 44. Ne2 Nc2 45. Qf2 Qa1+ 46. Kg2 Nxe3+ 47. Qxe3 Qf6 48. Qd3 Rd8 49. fxg5 hxg5 50. Qf3 Qf7 51. h4 gxh4 52. Nf4 Rg8 53. Kf2 Rxg3 54. Qh1 Rg4 0-1

[Event "Rilton Cup 52nd"]
[Site "Stockholm"]
[Date "2024.12.27"]
[Round "1"]
[White "Acikel, Mert"]
[Black "Oratovsky, Michael"]
[Result "0-1"]
[WhiteElo "2221"]
[BlackElo "2422"]
[PlyCount "64"]
[EventDate "2024.12.27"]
[EventType "swiss"]
[EventRounds "9"]
[EventCountry "SWE"]
[SourceTitle "CB02_2025"]
[SourceDate "2025.01.08"]
[SourceVersion "1"]
[SourceVersionDate "2025.01.08"]
[SourceQuality "1"]

1. e4 c5 2. Nf3 g6 3. c3 d5 4. exd5 Qxd5 5. d4 Bg7 6. Be3 cxd4 7. Bxd4 Nf6 8. Nbd2 Nc6 9. Bc4 Qf5 10. 0-0 0-0 11. Re1 Nxd4 12. Nxd4 Qc5 13. Qe2 e6 14. Rad1 Bd7 15. N2f3 Ba4 16. b3 Bc6 17. Ne5 Bd5 18. Bxd5 exd5 19. Qf3 Rae8 20. Qd3 Qc7 21. Nb5 Qc5 22. Nd4 Qc7 23. Nb5 Qb8 24. Nf3 Rc8 25. Re7 a6 26. Nbd4 Ne4 27. c4 Qd6 28. Rxe4 dxe4 29. Qxe4 Rfe8 30. Qg4 h5 31. Qh4 Bf6 32. Qg3 Rcd8 0-1

[Event "Berlin Radtke Memorial"]
[Site "Berlin"]
[Date "2024.10.23"]
[Round "4"]
[White "Koelle, Tobias"]
[Black "Acikel, Mert"]
[Result "1/2-1/2"]
[WhiteElo "2434"]
[BlackElo "2222"]
[PlyCount "73"]
[EventDate "2024.10.21"]
[EventType "swiss"]
[EventRounds "9"]
[EventCountry "GER"]
[SourceTitle "CB44_2024"]
[Source "Chessbase"]
[SourceDate "2024.10.30"]
[SourceVersion "1"]
[SourceVersionDate "2024.10.30"]
[SourceQuality "1"]

1. d4 d5 2. c4 e6 3. Nf3 Nf6 4. Nc3 Be7 5. Bg5 h6 6. Bxf6 Bxf6 7. e3 0-0 8. Rc1 b6 9. cxd5 exd5 10. Bd3 Be6 11. e4 dxe4 12. Bxe4 c6 13. 0-0 a6 14. Ne5 Ra7 15. f4 b5 16. Bb1 Bxe5 17. dxe5 f5 18. exf6 Qxf6 19. Ne4 Qxb2 20. Rf2 Qb4 21. Ng3 Kh8 22. f5 Rd7 23. Qc2 Bf7 24. f6 g6 25. Rcf1 Qc4 26. Qb2 c5 27. Kh1 Kh7 28. Qa3 Nc6 29. Nf5 Ne5 30. Nxh6 Qh4 31. Qxc5 Rc8 32. Qxc8 Qxf2 33. Qc1 Rc7 34. Qd1 Rd7 35. Qc1 Rc7 36. Qd1 Rd7 37. Qc1 1/2-1/2

[Event "Titled Tuesday intern op 04th Jun Early"]
[Site "Chess.com INT"]
[Date "2024.06.04"]
[Round "4"]
[White "Acikel, Mert"]
[Black "Rangel, Daniel"]
[Result "0-1"]
[WhiteElo "2222"]
[BlackElo "2177"]
[PlyCount "100"]
[EventDate "2024.06.04"]
[EventType "swiss (blitz)"]
[EventRounds "11"]
[EventCountry "USA"]
[SourceTitle "EXT 2025"]
[Source "ChessBase"]
[SourceDate "2024.10.14"]
[SourceVersion "1"]
[SourceVersionDate "2024.10.14"]
[SourceQuality "1"]

1. e4 c5 2. Nf3 g6 3. c4 Bg7 4. d4 Nc6 5. Be3 cxd4 6. Nxd4 Nf6 7. Nc3 0-0 8. Be2 Nxd4 9. Bxd4 d6 10. 0-0 Bd7 11. Re1 Bc6 12. Qc2 Nd7 13. Bxg7 Kxg7 14. Rad1 a5 15. b3 Qb6 16. Qb2 f6 17. a3 Nc5 18. Rb1 Nxe4 19. Bd3 Nxc3 20. Rxe7+ Rf7 21. Rxf7+ Kxf7 22. Qxc3 Re8 23. h3 Be4 24. Rd1 Qc5 25. b4 axb4 26. axb4 Qe5 27. Qd2 d5 28. Bf1 dxc4 29. Qd7+ Re7 30. Bxc4+ Kg7 31. Qd8 h5 32. Qg8+ Kh6 33. Qh8+ Kg5 34. Re1 Qd4 35. Bf1 h4 36. Qf8 Re5 37. Qc8 Rf5 38. Qc1+ Rf4 39. Re3 Kh6 40. g3 hxg3 41. Re2 gxf2+ 42. Kh2 Qe5 43. Qe3 g5 44. Qg3 Qd4 45. Qe3 Qxe3 46. Rxe3 Bc6 47. Rb3 Bd5 48. Rc3 Rxb4 49. Kg3 Rb3 50. Rxb3 Bxb3 0-1

[Event "Titled Tuesday intern op 04th Jun Early"]
[Site "Chess.com INT"]
[Date "2024.06.04"]
[Round "10"]
[White "Hovakimyan, Vache"]
[Black "Acikel, Mert"]
[Result "1-0"]
[WhiteElo "2167"]
[BlackElo "2222"]
[PlyCount "51"]
[EventDate "2024.06.04"]
[EventType "swiss (blitz)"]
[EventRounds "11"]
[EventCountry "USA"]
[SourceTitle "EXT 2025"]
[Source "ChessBase"]
[SourceDate "2024.10.14"]
[SourceVersion "1"]
[SourceVersionDate "2024.10.14"]
[SourceQuality "1"]

1. d4 d5 2. c4 e6 3. Nc3 Be7 4. cxd5 exd5 5. Bf4 c6 6. e3 Bf5 7. g4 Be6 8. h4 Nd7 9. h5 Nh6 10. f3 0-0 11. Nh3 Nb6 12. Bxh6 gxh6 13. Nf4 Kh8 14. Bd3 Qd7 15. Qc2 f5 16. gxf5 Bxf5 17. 0-0-0 Nc4 18. Rde1 Bg5 19. Bxf5 Rxf5 20. Nd1 Re8 21. Kb1 Nxe3 22. Nxe3 Rxf4 23. Ng4 Rxd4 24. Ne5 Qc8 25. Nf7+ Kg7 26. Nd6 1-0

[Event "Titled Tuesday intern op 04th Jun Early"]
[Site "Chess.com INT"]
[Date "2024.06.04"]
[Round "6"]
[White "Samarth, J Rao"]
[Black "Acikel, Mert"]
[Result "1-0"]
[WhiteElo "1770"]
[BlackElo "2222"]
[PlyCount "51"]
[EventDate "2024.06.04"]
[EventType "swiss (blitz)"]
[EventRounds "11"]
[EventCountry "USA"]
[SourceTitle "EXT 2025"]
[Source "ChessBase"]
[SourceDate "2024.10.14"]
[SourceVersion "1"]
[SourceVersionDate "2024.10.14"]
[SourceQuality "1"]

1. e4 e5 2. Nf3 Nc6 3. Bb5 a6 4. Bxc6 dxc6 5. 0-0 Qf6 6. d4 exd4 7. Qxd4 Qxd4 8. Nxd4 Bd7 9. Be3 0-0-0 10. Rd1 Ne7 11. Nc3 Ng6 12. f3 f6 13. Nde2 Bd6 14. Rd2 b6 15. Rad1 Rhe8 16. Bf2 Kb7 17. Bg3 Bc5+ 18. Bf2 Bf8 19. Rxd7 Rxd7 20. Rxd7 Ne5 21. Rd1 h5 22. Ng3 g6 23. Bd4 Nd7 24. Nge2 c5 25. Bf2 c6 26. Rxd7+ 1-0

[Event "Titled Tuesday intern op 04th Jun Early"]
[Site "Chess.com INT"]
[Date "2024.06.04"]
[Round "1"]
[White "Vivaan, Vishal Shah"]
[Black "Acikel, Mert"]
[Result "1-0"]
[WhiteElo "2108"]
[BlackElo "2222"]
[PlyCount "121"]
[EventDate "2024.06.04"]
[EventType "swiss (blitz)"]
[EventRounds "11"]
[EventCountry "USA"]
[SourceTitle "EXT 2025"]
[Source "ChessBase"]
[SourceDate "2024.10.14"]
[SourceVersion "1"]
[SourceVersionDate "2024.10.14"]
[SourceQuality "1"]

1. e4 e5 2. Nf3 Nc6 3. d4 exd4 4. Bc4 Nf6 5. Ng5 d5 6. exd5 Na5 7. Qxd4 Nxc4 8. Qxc4 Qxd5 9. Qe2+ Be7 10. 0-0 h6 11. Re1 Qd6 12. Bf4 Qc5 13. Be3 Qd6 14. Bf4 Qc5 15. Nf3 Be6 16. Be3 Qh5 17. Nd4 Qxe2 18. Rxe2 Bd5 19. Nf5 Be4 20. Nxe7 Kxe7 21. Bd4 Rad8 22. c3 Kf8 23. Nd2 Bd5 24. Bxf6 gxf6 25. Rae1 Kg7 26. b3 Be6 27. c4 Rd3 28. Ne4 b6 29. Ng3 h5 30. h3 h4 31. Nf1 f5 32. Re3 Rhd8 33. Rxd3 Rxd3 34. Re2 Rd1 35. Rd2 Ra1 36. f3 a5 37. Kf2 Bc8 38. Ne3 Kf6 39. Nd5+ Ke5 40. Nxc7 a4 41. Nd5 Rb1 42. Nxb6 Bb7 43. Nd7+ Kf4 44. Rd4+ Kg5 45. f4+ Kg6 46. Nc5 Rb2+ 47. Kg1 Bxg2 48. Nxa4 Rxa2 49. Nc3 Rc2 50. Nd1 Bxh3 51. Nf2 Bg4 52. b4 Bf3 53. Rd6+ f6 54. c5 Be4 55. Rd8 Rc1+ 56. Kh2 Rc2 57. Kg1 Rc1+ 58. Rd1 Rb1 59. Rxb1 Bxb1 60. b5 Kf7 61. b6 1-0

[Event "Titled Tuesday intern op 04th Jun Early"]
[Site "Chess.com INT"]
[Date "2024.06.04"]
[Round "7"]
[White "Winkels, Marcel"]
[Black "Acikel, Mert"]
[Result "0-1"]
[WhiteElo "1924"]
[BlackElo "2222"]
[PlyCount "36"]
[EventDate "2024.06.04"]
[EventType "swiss (blitz)"]
[EventRounds "11"]
[EventCountry "USA"]
[SourceTitle "EXT 2025"]
[Source "ChessBase"]
[SourceDate "2024.10.14"]
[SourceVersion "1"]
[SourceVersionDate "2024.10.14"]
[SourceQuality "1"]

1. e4 e5 2. Nf3 Nc6 3. Bc4 Bc5 4. b4 Bxb4 5. c3 Ba5 6. d4 d6 7. 0-0 Bg4 8. Qb3 Bxf3 9. Bxf7+ Kf8 10. gxf3 Bb6 11. Be3 Qf6 12. Bxg8 Rxg8 13. dxe5 Nxe5 14. f4 Qg6+ 15. Kh1 Qxe4+ 16. f3 Nxf3 17. Qd1 Nh4+ 18. Kg1 Qg2# 0-1

[Event "Titled Tuesday intern op 23rd Apr Early"]
[Site "Chess.com INT"]
[Date "2024.04.23"]
[Round "8"]
[White "Balague Camps, Marc"]
[Black "Acikel, Mert"]
[Result "0-1"]
[WhiteElo "2219"]
[BlackElo "2244"]
[PlyCount "116"]
[EventDate "2024.04.23"]
[EventType "swiss (blitz)"]
[EventRounds "11"]
[EventCountry "USA"]
[SourceTitle "EXT 2025"]
[Source "ChessBase"]
[SourceDate "2024.10.14"]
[SourceVersion "1"]
[SourceVersionDate "2024.10.14"]
[SourceQuality "1"]

1. d4 d5 2. c4 e6 3. Nc3 Be7 4. cxd5 exd5 5. Bf4 c6 6. e3 Bf5 7. Qb3 Qb6 8. Qxb6 axb6 9. Nf3 b5 10. Kd2 Nd7 11. Bd3 Bxd3 12. Kxd3 Ngf6 13. b3 0-0 14. h3 Rfe8 15. Ne5 Nxe5+ 16. Bxe5 Nd7 17. Bg3 Bb4 18. a4 bxa4 19. bxa4 b6 20. Rhb1 Ba5 21. Rc1 Rac8 22. Ne2 c5 23. dxc5 bxc5 24. Nf4 Nf6 25. f3 g5 26. Ne2 c4+ 27. Kc2 Rxe3 28. Nd4 Rc3+ 29. Kb2 Rd3 30. Rd1 Bc3+ 31. Kc2 Bxa1 32. Rxa1 Rxd4 33. Be5 Rf4 34. a5 d4 35. a6 d3+ 36. Kd2 Nd5 37. a7 Ra8 38. Rb1 c3+ 39. Bxc3 Rc4 40. Rb8+ Rc8 41. Be5 f6 42. Bd6 Nf4 43. Rxc8+ Rxc8 44. Bb8 Rc2+ 45. Ke3 d2 46. a8Q d1Q 47. Bxf4+ Kf7 48. Qb7+ Kg6 49. Qe4+ Kh6 50. Bxg5+ Kxg5 51. h4+ Kh6 52. Qf4+ Kg7 53. Qg4+ Kh8 54. Kf4 Rc4+ 55. Kf5 Rxg4 56. g3 Qxf3+ 57. Ke6 Qxg3 58. Kf7 f5 0-1

[Event "Titled Tuesday intern op 23rd Apr Early"]
[Site "Chess.com INT"]
[Date "2024.04.23"]
[Round "2"]
[White "Hrbek, Stepan"]
[Black "Acikel, Mert"]
[Result "1-0"]
[WhiteElo "2407"]
[BlackElo "2244"]
[PlyCount "47"]
[EventDate "2024.04.23"]
[EventType "swiss (blitz)"]
[EventRounds "11"]
[EventCountry "USA"]
[SourceTitle "EXT 2025"]
[Source "ChessBase"]
[SourceDate "2024.10.14"]
[SourceVersion "1"]
[SourceVersionDate "2024.10.14"]
[SourceQuality "1"]

1. e4 e5 2. f4 d5 3. exd5 exf4 4. Nf3 Nf6 5. Bc4 Nxd5 6. Bxd5 Qxd5 7. 0-0 Be7 8. Nc3 Qd6 9. d4 0-0 10. Ne5 Nc6 11. Nxc6 Qxc6 12. Bxf4 Bf6 13. Kh1 b6 14. d5 Qd7 15. Ne4 Bxb2 16. Rb1 Ba3 17. Rb3 Be7 18. Rg3 Kh8 19. Qh5 Qf5 20. Ng5 Bd6 21. Rgf3 Bxf4 22. Rxf4 Qg6 23. Nxf7+ Rxf7 24. Rxf7 1-0

[Event "Titled Tuesday intern op 26th Mar Early"]
[Site "Chess.com INT"]
[Date "2024.03.26"]
[Round "5"]
[White "Acikel, Mert"]
[Black "Jimenez Salas, Maria Teresa"]
[Result "0-1"]
[WhiteElo "2244"]
[BlackElo "1939"]
[PlyCount "62"]
[EventDate "2024.03.26"]
[EventType "swiss (blitz)"]
[EventRounds "11"]
[EventCountry "USA"]
[SourceTitle "EXT 2025"]
[Source "ChessBase"]
[SourceDate "2024.10.14"]
[SourceVersion "1"]
[SourceVersionDate "2024.10.14"]
[SourceQuality "1"]

1. e4 c5 2. Nf3 Nc6 3. d4 cxd4 4. Nxd4 Nf6 5. Nc3 d6 6. Bg5 e6 7. Qd2 a6 8. 0-0-0 Be7 9. Kb1 0-0 10. h4 Bd7 11. Nxc6 Bxc6 12. Bd3 b5 13. f3 b4 14. Ne2 a5 15. Nd4 Bb7 16. g4 Rc8 17. Be3 Nd7 18. Bb5 Ne5 19. Qe2 Qc7 20. Rc1 Nc4 21. Bf2 d5 22. e5 Bc5 23. f4 Qb6 24. Bxc4 Bxd4 25. Bxd4 Qxd4 26. Bd3 Qxf4 27. Rcf1 Qd4 28. h5 a4 29. g5 a3 30. c3 bxc3 31. g6 c2+ 0-1

[Event "Titled Tuesday intern op 26th Mar Early"]
[Site "Chess.com INT"]
[Date "2024.03.26"]
[Round "3"]
[White "Acikel, Mert"]
[Black "Klimchuk, Andriy"]
[Result "0-1"]
[WhiteElo "2244"]
[BlackElo "2405"]
[PlyCount "74"]
[EventDate "2024.03.26"]
[EventType "swiss (blitz)"]
[EventRounds "11"]
[EventCountry "USA"]
[SourceTitle "EXT 2025"]
[Source "ChessBase"]
[SourceDate "2024.10.14"]
[SourceVersion "1"]
[SourceVersionDate "2024.10.14"]
[SourceQuality "1"]

1. e4 e5 2. Nf3 Nc6 3. Bc4 Nf6 4. d3 Bc5 5. c3 d6 6. 0-0 h6 7. Nbd2 0-0 8. Re1 Bb6 9. h3 Ne7 10. Nf1 Ng6 11. Ng3 c6 12. Bb3 Re8 13. d4 Be6 14. Bc2 a5 15. Be3 Bc7 16. Qd2 a4 17. a3 b5 18. Rad1 Bc4 19. Nf5 Re6 20. Qc1 Qf8 21. g3 d5 22. dxe5 Nxe5 23. N3d4 Nxe4 24. Bf4 Rf6 25. Ne3 Rxf4 26. gxf4 Ng6 27. Nxc4 bxc4 28. Bxe4 Bxf4 29. Qc2 dxe4 30. Qxe4 Ra5 31. Nf3 Kh7 32. Rd7 Rh5 33. Qe8 Qxe8 34. Rxe8 Bc1 35. Rxf7 Bxb2 36. Rc8 Ne5 37. Nd4 Nxf7 0-1

[Event "Titled Tuesday intern op 26th Mar Early"]
[Site "Chess.com INT"]
[Date "2024.03.26"]
[Round "8"]
[White "Corona Monraz, Ramiro"]
[Black "Acikel, Mert"]
[Result "0-1"]
[WhiteElo "1969"]
[BlackElo "2244"]
[PlyCount "102"]
[EventDate "2024.03.26"]
[EventType "swiss (blitz)"]
[EventRounds "11"]
[EventCountry "USA"]
[SourceTitle "EXT 2025"]
[Source "ChessBase"]
[SourceDate "2024.10.14"]
[SourceVersion "1"]
[SourceVersionDate "2024.10.14"]
[SourceQuality "1"]

1. b4 e5 2. Bb2 Bxb4 3. Bxe5 Nf6 4. c4 0-0 5. Nf3 d5 6. cxd5 Nxd5 7. e3 c5 8. Be2 Bf5 9. a3 Ba5 10. 0-0 Bg6 11. d4 Nc6 12. Bg3 cxd4 13. Nxd4 Nxd4 14. Qxd4 Nf6 15. Qb2 Qe7 16. Bf3 Ne4 17. Bxe4 Bxe4 18. Nd2 Bd3 19. Rfc1 Rac8 20. Nf3 h6 21. Qe5 Qxe5 22. Nxe5 Ba6 23. Rab1 Rfd8 24. Nf3 b6 25. h3 Rd3 26. Rxc8+ Bxc8 27. Ra1 Bd7 28. Ne5 Rd5 29. Nxd7 Rxd7 30. Be5 Rd3 31. Bd4 Kf8 32. Kf1 Rb3 33. Ke2 Bc3 34. Bxc3 Rxc3 35. Kd2 Rb3 36. Kc2 Rb5 37. Rd1 Ra5 38. Kb3 Ke7 39. Rd4 Rg5 40. g3 Rc5 41. Kb2 Rf5 42. f4 Rh5 43. h4 Rb5+ 44. Kc2 h5 45. e4 Rc5+ 46. Kb2 g6 47. Ra4 a5 48. Rd4 Rb5+ 49. Kc2 Ke6 50. a4 Rc5+ 51. Kb2 Rc6 0-1

[Event "Titled Tuesday intern op 26th Mar Early"]
[Site "Chess.com INT"]
[Date "2024.03.26"]
[Round "1"]
[White "Cuenca Jimenez, Jose Fernando"]
[Black "Acikel, Mert"]
[Result "1/2-1/2"]
[WhiteElo "2499"]
[BlackElo "2244"]
[PlyCount "163"]
[EventDate "2024.03.26"]
[EventType "swiss (blitz)"]
[EventRounds "11"]
[EventCountry "USA"]
[SourceTitle "EXT 2025"]
[Source "ChessBase"]
[SourceDate "2024.10.14"]
[SourceVersion "1"]
[SourceVersionDate "2024.10.14"]
[SourceQuality "1"]

1. d4 d5 2. Bf4 Nf6 3. e3 e6 4. Nf3 c5 5. Nbd2 Bd6 6. Bg3 0-0 7. c3 Qc7 8. Bd3 Nbd7 9. 0-0 Bxg3 10. hxg3 b6 11. Qc2 h6 12. Rfe1 Bb7 13. a4 e5 14. dxe5 Nxe5 15. Nxe5 Qxe5 16. Nf3 Qe7 17. a5 Rfe8 18. Bb5 Red8 19. Nh4 g6 20. a6 Bc8 21. Rad1 Bg4 22. Be2 Be6 23. Bb5 Rac8 24. Nf3 Bg4 25. Be2 Qe8 26. Nh4 Bxe2 27. Qxe2 Ne4 28. Nf3 Qa4 29. Nd2 Nf6 30. Nf3 Re8 31. Ra1 Qc6 32. Qd3 Kg7 33. Rad1 Rcd8 34. c4 Qa4 35. cxd5 Rxd5 36. Qe2 Red8 37. Rxd5 Rxd5 38. e4 Rd8 39. e5 Ng4 40. e6 fxe6 41. Qxe6 Qd7 42. Qe2 Nf6 43. Qc2 Nd5 44. Ne5 Qf5 45. Qxf5 gxf5 46. Nc6 Rd7 47. Rd1 Kf8 48. Ne5 Rd6 49. Nc4 Rd7 50. Ne3 Nf6 51. Rxd7 Nxd7 52. Nxf5 Nb8 53. Nxh6 Nxa6 54. Kf1 Nb4 55. Ke2 Ke7 56. Nf5+ Kf6 57. g4 a5 58. Ne3 b5 59. f4 a4 60. g5+ Kg7 61. Kd2 Nc6 62. g4 Nd4 63. f5 Nf3+ 64. Kd3 Nxg5 65. Nd5 Nf7 66. Ke4 Nd6+ 67. Kd3 b4 68. Nb6 a3 69. bxa3 bxa3 70. Kc2 Kf6 71. Nd5+ Kg5 72. Ne3 Kf4 73. f6 Nf7 74. Nc4 Kxg4 75. Kb3 Kf5 76. Kxa3 Kxf6 77. Kb3 Ke6 78. Nd2 Kd5 79. Kc2 Nd6 80. Nb3 c4 81. Na5 Ne4 82. Nxc4 1/2-1/2

[Event "Titled Tuesday intern op 19th Mar Early"]
[Site "Chess.com INT"]
[Date "2024.03.19"]
[Round "6"]
[White "Acikel, Mert"]
[Black "Abrahamyan, Tatev"]
[Result "0-1"]
[WhiteElo "2244"]
[BlackElo "2308"]
[PlyCount "98"]
[EventDate "2024.03.19"]
[EventType "swiss (blitz)"]
[EventRounds "11"]
[EventCountry "USA"]
[SourceTitle "EXT 2025"]
[Source "ChessBase"]
[SourceDate "2024.10.14"]
[SourceVersion "1"]
[SourceVersionDate "2024.10.14"]
[SourceQuality "1"]

1. e4 e6 2. d4 d5 3. Nc3 Bb4 4. e5 c5 5. a3 Bxc3+ 6. bxc3 Ne7 7. Qg4 cxd4 8. Bd3 Qa5 9. Rb1 0-0 10. Nf3 Ng6 11. 0-0 dxc3 12. h4 Nc6 13. Re1 Qc7 14. Qh5 Nce7 15. a4 f5 16. Ba3 Bd7 17. Bb5 Bxb5 18. axb5 h6 19. Nd4 Qd7 20. g3 Rac8 21. Qf3 Rc4 22. h5 Nh8 23. Ne2 Nf7 24. Nf4 Ng5 25. Qg2 Rfc8 26. Rbd1 Ra4 27. Bc1 Qxb5 28. Nd3 Ne4 29. f3 Nc5 30. Nf4 Ra2 31. Be3 b6 32. Kh2 Qd7 33. g4 fxg4 34. Qxg4 Nf5 35. Bf2 Rxc2 36. Kg1 Rf8 37. Ng6 Rf7 38. Rb1 Rb2 39. Rec1 d4 40. Rxb2 cxb2 41. Rb1 d3 42. f4 d2 43. Qd1 Na4 44. Qc2 Nc3 45. Qxc3 d1Q+ 46. Rxd1 Qxd1+ 47. Kh2 Qxh5+ 48. Kg1 Qxg6+ 49. Kf1 b1Q+ 0-1